Dance of the nigganese dancer / (Record no. 1168)

MARC details
000 -LEADER
campo de control de longitud fija 00582nam a22001937a 4500
008 - DATOS DE LONGITUD FIJA--INFORMACIÓN GENERAL
campo de control de longitud fija 170401s2015 mx||||| |||| 00| 0 eng d
082 04 - NÚMERO DE LA CLASIFICACIÓN DECIMAL DEWEY
Número de clasificación 701.03
Número de ítem D111d
100 1# - ENTRADA PRINCIPAL--NOMBRE DE PERSONA
Nombre de persona Daáood, Kamau.
9 (RLIN) 5767
245 10 - MENCIÓN DEL TÍTULO
Título Dance of the nigganese dancer /
Mención de responsabilidad, etc. Kamau Daáood ; entrevista con Mexicali Rose.
250 ## - MENCION DE EDICION
Mención de edición 1a ed.
260 ## - PUBLICACIÓN, DISTRIBUCIÓN, ETC.
Lugar de publicación, distribución, etc. México :
Nombre del editor, distribuidor, etc. Second Culture Press,
Fecha de publicación, distribución, etc. 2015.
300 ## - DESCRIPCIÓN FÍSICA
Extensión 54 p.
653 10 - TÉRMINO DE INDIZACIÓN--NO CONTROLADO
Término no controlado Arte contemporáneo
653 10 - TÉRMINO DE INDIZACIÓN--NO CONTROLADO
Término no controlado Arte y sociedad
653 10 - TÉRMINO DE INDIZACIÓN--NO CONTROLADO
Término no controlado Medios artísticos
653 10 - TÉRMINO DE INDIZACIÓN--NO CONTROLADO
Término no controlado Diversidad cultural
653 10 - TÉRMINO DE INDIZACIÓN--NO CONTROLADO
Término no controlado Arte - Comunidad
710 1# - ENTRADA AGREGADA--NOMBRE DE ENTIDAD CORPORATIVA
Nombre de entidad corporativa o nombre de jurisdicción como elemento de entrada Mexicali Rose.
9 (RLIN) 5768
Holdings
Estatus retirado Estado de pérdida Fuente del sistema de clasificación o colocación Estado de daño No para préstamo Biblioteca de origen Biblioteca actual Ubicación en estantería Fecha de adquisición Total de préstamos Signatura topográfica completa Código de barras Visto por última vez Precio de reemplazo Tipo de ítem Koha
    Clasificación Decimal Dewey     Biblioteca LadoV Biblioteca LadoV   01/04/2017   701.03 D111d 004341 01/04/2017 01/04/2017 Material 01